[Event "34. Bayerische Senioren EM"]
[Site "Bergen im Chiemgau"]
[Date "2024.06.03"]
[Round "7.31"]
[White "Chochoy, Patrick"]
[Black "Hansch, Klaus-Michael"]
[Result "1-0"]
[WhiteElo "1712"]
[BlackElo "1897"]
[PlyCount "71"]
[EventDate "2024.??.??"]
[WhiteTeam "Franconville"]
[BlackTeam "SC Weisse Dame e.V."]

{[%evp 0,71,19,13,35,23,42,71,47,41,61,72,73,77,124,127,126,116,107,115,115,
116,116,69,75,7,58,58,58,-2,50,43,54,53,49,22,66,51,87,91,79,83,86,77,100,76,
84,64,87,103,199,184,184,144,143,143,150,150,166,144,162,162,154,165,153,139,
222,222,291,289,353,360,362,336]} 1. e4 d5 2. exd5 Nf6 3. d4 Nxd5 4. c4 Nb6 5.
Nf3 Bg4 6. c5 Nd5 7. Qb3 Bc8 8. Bc4 c6 9. Nc3 e6 10. O-O Be7 11. Ne5 O-O 12. f4
Nf6 13. Be3 Nd5 14. Bc1 Nd7 15. Nxd5 exd5 16. Bd3 Nf6 17. Qc2 h6 18. Bd2 Nd7
19. Rae1 Nxe5 20. fxe5 Bg5 21. Qc1 Bxd2 22. Qxd2 b6 23. Rc1 b5 24. Bb1 f5 25.
exf6 Rxf6 26. Rxf6 Qxf6 27. Rf1 Qg5 28. Qd3 g6 29. Qxg6+ Qxg6 30. Bxg6 Kg7 31.
Bh5 Be6 32. Rf3 a5 33. Rg3+ Kh7 34. Re3 Bg8 35. Re7+ Kh8 36. Rc7 1-0

[Event "34. Bayerische Senioren EM"]
[Site "Bergen im Chiemgau"]
[Date "2024.06.03"]
[Round "7.32"]
[White "Blumenstock, Axel"]
[Black "Burg, Henk"]
[Result "1/2-1/2"]
[WhiteElo "1885"]
[BlackElo "1774"]
[PlyCount "91"]
[EventDate "2024.??.??"]
[WhiteTeam "SF Taunus"]
[BlackTeam "Hmc Den Bosch"]

{[%evp 0,91,19,13,50,50,48,52,92,58,65,57,67,62,74,62,93,62,45,34,26,12,-1,-8,
12,-14,-6,-17,44,54,66,51,66,66,47,40,29,64,51,9,70,40,51,33,49,37,40,44,82,
-19,-17,-15,-21,0,5,-32,-28,-47,-41,-45,-38,-45,-28,-46,-31,-26,16,-25,0,-57,
-37,-58,-58,-53,-49,-67,-44,-82,-87,-84,-4,-4,-5,-12,-9,-24,-20,-24,-24,-24,
-30,-19,-30,-30]} 1. e4 c5 2. Nc3 e6 3. Nf3 a6 4. g3 Nc6 5. Bg2 Qc7 6. d3 g6 7.
Be3 d6 8. Qd2 Bg7 9. O-O Nge7 10. Nd1 O-O 11. c3 e5 12. d4 cxd4 13. cxd4 exd4
14. Nxd4 Nxd4 15. Bxd4 Bxd4 16. Qxd4 Be6 17. Nc3 Rac8 18. Rfd1 Rfd8 19. Rd2 Rd7
20. Re1 Rcd8 21. h3 Qc5 22. Red1 Qxd4 23. Rxd4 f5 24. Nd5 Bxd5 25. exd5 Rc8 26.
R4d2 Rc5 27. Bf1 Rdc7 28. Be2 Kg7 29. Kf1 Rc1 30. Ke1 Rxd1+ 31. Kxd1 Rc5 32.
Bf3 b5 33. Rd3 b4 34. Kd2 a5 35. Rd4 Kf6 36. Rd3 g5 37. Bg2 f4 38. a3 Ke5 39.
h4 h6 40. hxg5 hxg5 41. gxf4+ gxf4 42. Rh3 Nxd5 43. Rh5+ Kd4 44. Rh6 bxa3 45.
bxa3 Rc6 46. Rh5 1/2-1/2

[Event "34. Bayerische Senioren EM"]
[Site "Bergen im Chiemgau"]
[Date "2024.06.03"]
[Round "7.33"]
[White "Brahn, Helmut"]
[Black "Lindner, Helmut"]
[Result "0-1"]
[BlackElo "1876"]
[BlackTeam "SC Prichsenstadt"]
[EventDate "2024.??.??"]
[PlyCount "92"]
[WhiteElo "1779"]
[WhiteTeam "SG Springer Burghaun"]

1. c4 c5 2. d3 e5 3. e3 Nc6 4. a3 Nf6 5. h3 b6 6. Nc3 Bb7 7. Nf3 d5 8. cxd5 Nxd5
9. Bd2 Nxc3 10. Bxc3 Bd6 11. Be2 O-O 12. O-O Qc7 13. Qc2 h6 14. Rac1 Rac8 15.
Rfd1 Rfe8 16. Qb1 Qb8 17. e4 Nd4 18. Bxd4 exd4 19. Re1 Bf4 20. Rc2 Re6 21. Bf1
b5 22. a4 Rce8 23. b3 R6e7 24. Qd1 Bc8 25. Kh1 Be6 26. Rb2 Qb7 27. g3 Bc7 28.
Bg2 Bd7 29. Ree2 Bc6 30. Qf1 f5 31. Ng1 fxe4 32. dxe4 Bxe4 33. Bxe4 Rxe4 34.
Qg2 Qa8 35. Rxe4 Qxe4 36. Re2 Qxg2+ 37. Kxg2 Rxe2 38. Nxe2 Kf7 39. Kf1 Ke6 40.
Ke1 Kd5 41. f3 Be5 42. Kd2 c4 43. f4 Bf6 44. Nc1 cxb3 45. Nxb3 Kc4 46. Kc2 d3+ 
0-1

[Event "34. Bayerische Senioren EM"]
[Site "Bergen im Chiemgau"]
[Date "2024.06.03"]
[Round "7.34"]
[White "Hülle, Gunter"]
[Black "Klüber, Werner"]
[Result "1/2-1/2"]
[BlackElo "1849"]
[BlackTeam "SC Prichsenstadt"]
[EventDate "2024.??.??"]
[PlyCount "29"]
[WhiteElo "1765"]
[WhiteTeam "SV Springer Leipzig"]

1. b4 d5 2. Bb2 c6 3. a4 e6 4. e3 a6 5. b5 axb5 6. axb5 Rxa1 7. Bxa1 Nf6 8. c4
Be7 9. Nf3 O-O 10. Be2 dxc4 11. Bxc4 cxb5 12. Bxb5 Qa5 13. Qa4 Qxa4 14. Bxa4
Bd7 15. Bxd7  1/2-1/2

[Event "34. Bayerische Senioren EM"]
[Site "Bergen im Chiemgau"]
[Date "2024.06.03"]
[Round "7.35"]
[White "Bartl, Bruno"]
[Black "Trattner, Alfred"]
[Result "1/2-1/2"]
[WhiteElo "1845"]
[BlackElo "1808"]
[PlyCount "109"]
[EventDate "2024.??.??"]
[WhiteTeam "SK Bruckmühl"]
[BlackTeam "SV Holz Dohr Semriach"]

{[%evp 0,109,19,-8,-20,-14,30,4,-5,-13,-14,-4,12,13,33,0,38,33,48,33,66,84,53,
71,71,52,78,50,41,31,87,59,49,-1,50,28,56,14,22,0,31,16,85,31,37,37,27,5,6,-6,
-15,-15,-15,-47,-9,-37,-26,-32,-32,-79,-64,-77,-44,-57,-35,-34,-20,-44,-33,-31,
-21,-34,0,-40,-28,-31,0,-21,-27,-15,-9,-4,0,-12,39,19,12,12,16,19,16,17,25,30,
15,-22,33,58,29,52,98,86,86,88,107,107,100,119,99,0,0,0]} 1. c4 e5 2. Nc3 f5 3.
g3 Nf6 4. Bg2 Nc6 5. e3 Bb4 6. Nge2 O-O 7. a3 Be7 8. d4 e4 9. O-O d5 10. cxd5
Nxd5 11. Nxd5 Qxd5 12. Nc3 Qd7 13. b4 a6 14. Bd2 Rf6 15. f4 Bf8 16. Rc1 Ne7 17.
Qb3+ Kh8 18. Na4 Qd5 19. Qb1 Qb5 20. Nb2 c6 21. Rf2 Be6 22. Bf1 Qb6 23. Na4 Qc7
24. Nc5 Bf7 25. Be2 Nd5 26. Rff1 h5 27. h4 Rh6 28. Kg2 Be7 29. Bc4 Rg6 30. Kf2
Rb8 31. Qa2 Qd8 32. Rh1 Qe8 33. Qc2 Nb6 34. Be2 Rh6 35. Rb1 Qg8 36. Rhc1 Qd8
37. Rh1 Qg8 38. Rbc1 Rd6 39. a4 g6 40. b5 axb5 41. axb5 Bd5 42. Bb4 Nd7 43.
Nxd7 Rxd7 44. Bxe7 Rxe7 45. Qc5 Ree8 46. Ra1 Ra8 47. Ra7 b6 48. Qxb6 Rxa7 49.
Qxa7 Ra8 50. Qc5 cxb5 51. Rc1 Bc4 52. Bxc4 bxc4 53. Rxc4 Ra2+ 54. Rc2 Qb3 55.
Qf8+ 1/2-1/2

[Event "34. Bayerische Senioren EM"]
[Site "Bergen im Chiemgau"]
[Date "2024.06.03"]
[Round "7.36"]
[White "Seibold, Günther"]
[Black "Thonig, Manfred"]
[Result "0-1"]
[WhiteElo "1688"]
[BlackElo "1717"]
[PlyCount "92"]
[EventDate "2024.??.??"]
[WhiteTeam "SG Traunstein/Traunreut"]
[BlackTeam "SC Wolfratshausen"]

{[%evp 0,92,19,-14,10,-44,23,19,-7,21,10,-27,-20,3,22,36,31,21,39,-2,18,-2,23,
38,50,-33,49,-36,42,10,-30,-34,29,11,-10,-11,0,-3,24,2,-1,-7,7,11,72,0,6,-44,
-43,-51,-51,-33,-33,-41,-31,-39,39,-101,39,-99,-75,-92,-91,-101,-104,-101,-101,
-76,-78,-102,-87,-103,-57,-26,-10,-29,-4,-36,82,102,104,115,103,121,168,192,
194,111,173,113,171,-98,-63,-63,85]} 1. c4 Nf6 2. g3 g6 3. Bg2 Bg7 4. Nc3 O-O
5. e3 c6 6. Nge2 d6 7. d4 Re8 8. O-O Nbd7 9. Rb1 e5 10. Re1 Rb8 11. b3 e4 12.
d5 c5 13. Qc2 Nb6 14. Na4 Nxa4 15. bxa4 Bf5 16. Bb2 b6 17. Nc3 Qd7 18. Ne2 Re7
19. Nf4 g5 20. Ne2 h5 21. Bc3 Kh7 22. Bxf6 Bxf6 23. Nc3 Rbe8 24. a5 bxa5 25.
Rb5 Qc7 26. a4 a6 27. Rb3 Qd7 28. Qa2 Rg8 29. Kf1 Bh3 30. Ne2 Qf5 31. Ng1 Bxg2+
32. Kxg2 h4 33. Rb6 Be5 34. Rf1 Rg6 35. Qe2 Rh6 36. g4 Qc8 37. h3 f5 38. f3 Rf6
39. f4 gxf4 40. exf4 Bc3 41. g5 Rg6 42. Qh5+ Kg7 43. Qxh4 Bb4 44. Rc6 Qe8 45.
Rf2 Be1 46. Ne2 e3 0-1

[Event "34. Bayerische Senioren EM"]
[Site "Bergen im Chiemgau"]
[Date "2024.06.03"]
[Round "7.37"]
[White "Dreiseitel, Werner"]
[Black "Fischer, Gerd"]
[Result "0-1"]
[WhiteElo "1724"]
[BlackElo "2022"]
[PlyCount "118"]
[EventDate "2024.??.??"]
[WhiteTeam "SW Nürnberg Süd"]
[BlackTeam "SC Ansbach"]

{[%evp 0,118,19,19,26,28,56,45,32,31,28,21,14,16,18,16,26,25,11,14,7,6,16,4,4,
11,36,12,55,55,56,41,45,44,26,21,-5,-21,-29,-38,-40,3,-15,16,-3,-52,-22,-122,
-86,-82,-45,-45,-4,8,87,73,73,89,100,28,108,-213,-217,-211,-232,-236,-253,-274,
-284,-279,-284,-323,-183,-342,-317,-334,-351,-354,-354,-347,-331,-373,-352,
-384,-397,-480,-542,-571,-400,-522,-394,-413,-433,-424,-337,-342,-282,-289,-59,
-44,-75,-63,-79,-148,-86,-86,-126,-202,-178,-606,-135,-114,-115,-114,-98,-101,
-120,-383,-383,-29995,-29996]} 1. d4 Nf6 2. Nf3 b6 3. Bf4 Bb7 4. e3 e6 5. Be2
Be7 6. O-O O-O 7. h3 d5 8. Nbd2 Nbd7 9. c4 c5 10. cxd5 Nxd5 11. Bg3 cxd4 12.
Nxd4 Bf6 13. N2f3 e5 14. Nb5 e4 15. Nfd4 Be5 16. Bxe5 Nxe5 17. Rc1 a6 18. Nc3
Nb4 19. Qb3 Nbd3 20. Rcd1 Nc5 21. Qc2 Qg5 22. Nb3 Ncd3 23. Nd2 Rac8 24. Qb3 Qg6
25. Nd5 Bxd5 26. Qxd5 Rc2 27. Bxd3 Nxd3 28. Nxe4 Nxb2 29. Rd4 h6 30. Rfd1 Nxd1
31. Rxd1 Re8 32. Ng3 Qe6 33. Qd3 Qxa2 34. Qd7 Qe6 35. Qa4 Rc4 36. Qa2 b5 37.
Qd2 b4 38. Ne2 a5 39. Nd4 Qb6 40. Qb2 g6 41. Qb3 Rec8 42. Kh2 Rc3 43. Qa4 Qc7+
44. g3 Ra3 45. Qb5 Ra2 46. Kg2 Rb8 47. Qd5 Qb7 48. Nc6 Rc2 49. Nxb8 Qxb8 50.
Qxa5 Qb7+ 51. Kg1 Qf3 52. Rf1 b3 53. Qa4 Qd5 54. Rb1 Qd2 55. Qe8+ Kg7 56. Qe5+
Kh7 57. Qf6 Qd5 58. Qb6 b2 59. Qf6 Rc1+ 0-1

[Event "34. Bayerische Senioren EM"]
[Site "Bergen im Chiemgau"]
[Date "2024.06.03"]
[Round "7.38"]
[White "Stephan, Hubert"]
[Black "Roß, Heinrich"]
[Result "1-0"]
[WhiteElo "1878"]
[BlackElo "1743"]
[PlyCount "177"]
[EventDate "2024.??.??"]
[WhiteTeam "SC Prien"]
[BlackTeam "SG Springer Burghaun"]

{[%evp 0,177,19,13,13,13,10,13,62,28,44,1,2,3,1,-22,-23,-32,-16,-16,-13,-33,5,
5,18,10,18,7,45,-2,56,81,88,99,108,112,112,68,81,40,73,36,76,73,87,79,97,39,69,
84,81,84,95,96,117,107,80,51,95,8,86,75,75,97,108,80,111,95,89,83,117,102,129,
125,136,131,120,110,102,84,128,117,107,103,102,82,156,106,126,123,122,121,134,
143,134,122,108,109,126,123,121,123,123,109,166,163,174,180,164,178,198,211,
242,238,321,331,323,284,284,284,296,265,303,278,279,252,257,249,261,249,267,
264,266,230,280,245,250,253,252,300,311,214,230,204,202,234,245,220,220,141,
146,148,148,148,145,144,163,164,172,164,166,140,140,140,140,136,155,154,1016,
1016,1032,29972,29973,29974,29981,29976,29977,29974,29975,29976]} 1. e4 e5 2.
Nf3 Nc6 3. Bc4 d6 4. c3 h6 5. d3 Nf6 6. Nbd2 Be7 7. Bb3 O-O 8. Nf1 Bg4 9. Ng3
d5 10. Qe2 d4 11. O-O Bd6 12. h3 Bd7 13. Bd2 a6 14. Nh2 Ne7 15. cxd4 Nc6 16.
dxe5 Bxe5 17. Bc3 Be6 18. Bxe5 Nxe5 19. Bc2 c5 20. Nf3 Ng6 21. Qd2 b5 22. d4
cxd4 23. Qxd4 Qc7 24. Bb3 Rfd8 25. Qe3 Re8 26. Rfe1 Bc4 27. Bxc4 Qxc4 28. Qe2
Qb4 29. Qd2 Qc4 30. b3 Qc7 31. Rac1 Qb7 32. Qe3 Nd5 33. Qc5 Ndf4 34. Qc7 Ra7
35. Qd6 Qd7 36. Red1 Qe7 37. Rc6 Qxd6 38. Rcxd6 a5 39. Rd7 Re7 40. Rxa7 Rxa7
41. Rd8+ Kh7 42. Nd4 Rb7 43. Nde2 Nxe2+ 44. Nxe2 a4 45. Nd4 axb3 46. axb3 b4
47. Nc2 Nf4 48. f3 Ne6 49. Rd6 Nc5 50. Nd4 Ra7 51. Rb6 Nd3 52. Nc2 Ra2 53. Nxb4
Ra1+ 54. Kh2 Nc5 55. Nd5 Rb1 56. b4 Nd7 57. Rb7 Ne5 58. Re7 Nd3 59. Rxf7 Rb2
60. h4 Nxb4 61. Nxb4 Rxb4 62. Kh3 Kg6 63. Rd7 Rb1 64. Rd5 h5 65. Rg5+ Kh6 66.
e5 Re1 67. Kg3 g6 68. Kf4 Ra1 69. e6 Ra4+ 70. Ke5 Kg7 71. g4 Ra5+ 72. Kf4 Ra4+
73. Kg3 Kf6 74. gxh5 gxh5 75. Rxh5 Kxe6 76. Rb5 Kf6 77. h5 Kg7 78. Rb6 Kh7 79.
f4 Ra1 80. Kg4 Rg1+ 81. Kf5 Rh1 82. h6 Rh5+ 83. Ke4 Rxh6 84. Rxh6+ Kxh6 85. Kf5
Kg7 86. Ke6 Kf8 87. Kf6 Ke8 88. Kg7 Ke7 89. f5 1-0

[Event "34. Bayerische Senioren EM"]
[Site "Bergen im Chiemgau"]
[Date "2024.06.03"]
[Round "7.39"]
[White "Krause, Marianne"]
[Black "Stronk, Klaus"]
[Result "1/2-1/2"]
[WhiteElo "1693"]
[BlackElo "1836"]
[PlyCount "102"]
[EventDate "2024.??.??"]
[WhiteTeam "SK Freilassing"]
[BlackTeam "SK Freilassing"]

{[%evp 0,102,19,19,26,15,34,27,56,23,70,50,72,53,49,28,54,14,14,7,10,7,9,-33,
-34,-65,-62,-74,35,34,39,24,71,0,38,-20,17,-21,-12,-113,-20,-20,-15,-59,29,-93,
106,119,129,74,92,-40,39,9,-122,-109,-104,-102,-102,-102,-60,-165,-159,-191,
-170,-163,-123,-140,-118,-184,-205,-197,-190,-231,-119,-171,-166,-163,-97,-164,
-117,-165,-142,-168,-152,-195,-136,-224,-177,-279,-169,-416,-1053,-1094,-109,
-120,-281,-297,-43,-158,-97,-94,-28,-450,-168]} 1. d4 Nf6 2. Nc3 e6 3. Bf4 a6
4. Nf3 c5 5. d5 d6 6. e4 e5 7. Bg3 Be7 8. h3 b5 9. Nd2 b4 10. Na4 Bd7 11. c3
Qa5 12. b3 Bxa4 13. bxa4 Nbd7 14. Bd3 Qc7 15. O-O a5 16. Bc2 Nb6 17. f3 Nh5 18.
Be1 Bg5 19. Bb3 Qe7 20. Bf2 Nf4 21. Kh2 h5 22. g3 Qf6 23. h4 Bh6 24. Nb1 Ng6
25. Qd3 Ne7 26. Be3 g5 27. hxg5 Bxg5 28. Nd2 h4 29. g4 Bf4+ 30. Kh3 Ng6 31. Rg1
Bxe3 32. Qxe3 Nf4+ 33. Kh2 h3 34. Nf1 Ng2 35. Qe2 Qf4+ 36. Ng3 Nc8 37. Rad1 Ne7
38. Rd3 Ng6 39. Qd2 Qf6 40. Nh5 Rxh5 41. gxh5 N6f4 42. Re3 O-O-O 43. Bd1 Qh4
44. Re2 Rg8 45. Rf1 Qg3+ 46. Kh1 h2 47. Rxg2 Nxg2 48. Qf2 Qxf2 49. Rxf2 Ne3 50.
Bc2 Nxc2 51. Rxh2 Nd4 {Beide Formulare unvollständig und nicht zu entziffern}
1/2-1/2

[Event "34. Bayerische Senioren EM"]
[Site "Bergen im Chiemgau"]
[Date "2024.06.03"]
[Round "7.40"]
[White "Paul, Ernst"]
[Black "Puhrer, Achim"]
[Result "1/2-1/2"]
[BlackElo "1707"]
[BlackTeam "SF Hoffenheim"]
[EventDate "2024.??.??"]
[PlyCount "25"]
[WhiteElo "1781"]
[WhiteTeam "ASV J'Adoube Grassau"]

1. c4 Nf6 2. g3 e6 3. Bg2 d5 4. cxd5 exd5 5. d4 Bb4+ 6. Bd2 Bxd2+ 7. Qxd2 O-O 8.
e3 Nc6 9. Ne2 Bf5 10. O-O Ne4 11. Qe1 Re8 12. a3 Qd7 13. Nbc3  1/2-1/2

[Event "34. Bayerische Senioren EM"]
[Site "Bergen im Chiemgau"]
[Date "2024.06.03"]
[Round "7.41"]
[White "Rogun, Ulrich"]
[Black "Mahrla, Hans"]
[Result "1-0"]
[BlackElo "1689"]
[BlackTeam "SC Eichenau"]
[EventDate "2024.??.??"]
[PlyCount "69"]
[WhiteElo "1770"]
[WhiteTeam "FC Bayern München"]

1. e4 e6 2. d4 d5 3. Nc3 a6 4. Nf3 c5 5. Be2 Nf6 6. e5 Nfd7 7. O-O cxd4 8. Qxd4
Nc6 9. Qd1 Ndxe5 10. Nxe5 Nxe5 11. Bf4 Nc6 12. Bg3 d4 13. Ne4 e5 14. c3 f5 15.
f3 fxe4 16. fxe4 Be7 17. Qb3 Bf6 18. Bc4 Na5 19. Qb4 Be7 20. Bf7+ Kd7 21. Qa4+
b5 22. Qd1 Rf8 23. cxd4 Nc4 24. dxe5+ Kc7 25. Qc1 Kb6 26. b3 Qd4+ 27. Bf2 Qxf2+
28. Rxf2 Nxe5 29. Rc2 Bb7 30. Qe3+ Ka5 31. Qc3+ b4 32. Qxe5+ Kb6 33. Qxe7 a5
34. Qc5+ Ka6 35. Bc4#  1-0

[Event "34. Bayerische Senioren EM"]
[Site "Bergen im Chiemgau"]
[Date "2024.06.03"]
[Round "7.42"]
[White "Waltner, Herbert"]
[Black "Melchart, Siegfried"]
[Result "1/2-1/2"]
[BlackElo "1477"]
[BlackTeam "SF Bad Reichenhall"]
[EventDate "2024.??.??"]
[PlyCount "55"]
[WhiteElo "1749"]
[WhiteTeam "SV Steinhausen"]

1. e4 d5 2. exd5 Qxd5 3. Nc3 Qa5 4. Nf3 Nf6 5. Be2 Bf5 6. O-O e6 7. Nh4 Bg6 8.
Nxg6 hxg6 9. d3 Bb4 10. Bd2 c6 11. a3 Bxc3 12. Bxc3 Qc7 13. g3 Nbd7 14. Re1 O-O
15. Bf3 Rfd8 16. Qc1 Nd5 17. Bd2 N7f6 18. c4 Ne7 19. Qc3 Qd7 20. Be2 Nf5 21.
Bg5 Nd4 22. Rad1 b5 23. Rd2 a6 24. Bd1 a5 25. Kg2 a4 26. h3 Re8 27. Bf4 Red8
28. Bg5  1/2-1/2

[Event "34. Bayerische Senioren EM"]
[Site "Bergen im Chiemgau"]
[Date "2024.06.03"]
[Round "7.43"]
[White "Dreiseitel, Ursula"]
[Black "Sonntagbauer, Manfred"]
[Result "1/2-1/2"]
[BlackElo "1645"]
[BlackTeam "SV Almtal"]
[EventDate "2024.??.??"]
[PlyCount "44"]
[WhiteElo "1668"]
[WhiteTeam "SW Nürnberg Süd"]

1. d4 d5 2. Bf4 Bf5 3. Nf3 Nf6 4. e3 e6 5. c4 dxc4 6. Bxc4 Bd6 7. Bg3 O-O 8. O-O
Bxg3 9. hxg3 h6 10. Nc3 c6 11. Bd3 Bxd3 12. Qxd3 Nbd7 13. Rfd1 Nd5 14. Nxd5
exd5 15. b4 a6 16. a4 Qc7 17. Rac1 Rac8 18. Nd2 Nf6 19. Nb3 Qe7 20. b5 axb5 21.
axb5 Qd7 22. bxc6 bxc6  1/2-1/2

[Event "34. Bayerische Senioren EM"]
[Site "Bergen im Chiemgau"]
[Date "2024.06.03"]
[Round "7.44"]
[White "Schießl, Hanns"]
[Black "Riess, Michael"]
[Result "1-0"]
[BlackElo "1773"]
[BlackTeam "SC Ansbach"]
[EventDate "2024.??.??"]
[PlyCount "31"]
[WhiteElo "1753"]
[WhiteTeam "FVS ASP Hoyerswerda"]

1. e4 e6 2. d4 d5 3. e5 c5 4. c3 Nc6 5. Nf3 Qb6 6. Bd3 cxd4 7. cxd4 Bb4+ 8. Nc3
Nge7 9. O-O Bxc3 10. bxc3 O-O 11. Ba3 Re8 12. Qc2 g6 13. h4 Qc7 14. Qd2 Qd8 15.
Qh6 Nf5 16. Bxf5  1-0

[Event "34. Bayerische Senioren EM"]
[Site "Bergen im Chiemgau"]
[Date "2024.06.03"]
[Round "7.45"]
[White "Elbert, Helmut"]
[Black "Scheler, Heinz"]
[Result "1/2-1/2"]
[BlackElo "1638"]
[BlackTeam "SC Heilsbronn"]
[EventDate "2024.??.??"]
[PlyCount "35"]
[WhiteElo "1657"]
[WhiteTeam "SC-SF 1957 Stockstadt"]

1. d4 d5 2. c4 Nf6 3. Nc3 Bd7 4. Nf3 Be6 5. e3 dxc4 6. Be2 Bd5 7. Nxd5 Qxd5 8.
O-O Nbd7 9. Re1 h5 10. a3 g5 11. Ne5 Rd8 12. Bf3 Qe6 13. Qe2 g4 14. Bxb7 h4 15.
g3 Ne4 16. Bxe4 Nxe5 17. dxe5 f5 18. Bh1  1/2-1/2

[Event "34. Bayerische Senioren EM"]
[Site "Bergen im Chiemgau"]
[Date "2024.06.04"]
[Round "8.1"]
[White "Himmel, Hansjörg"]
[Black "Dresen, Ulrich"]
[Result "1/2-1/2"]
[BlackElo "2120"]
[BlackTeam "Elberfelder SG"]
[EventDate "2024.??.??"]
[PlyCount "72"]
[WhiteElo "2189"]
[WhiteTeam "SV Kamen"]

1. e4 e5 2. Nf3 Nc6 3. Bb5 Nf6 4. d3 Bc5 5. Bxc6 dxc6 6. O-O Qe7 7. Nbd2 Bg4 8.
Nb3 Bb6 9. a4 a5 10. Qe2 O-O 11. h3 Bxf3 12. Qxf3 Nd7 13. Nd2 Rfe8 14. Nc4 Bc5
15. Bd2 b6 16. Qg3 Qe6 17. Kh1 Qg6 18. Qh4 Be7 19. Qg4 Qxg4 20. hxg4 Bd6 21. g3
f6 22. g5 Rf8 23. Kg2 fxg5 24. Bxg5 Rf7 25. Be3 Raf8 26. f3 c5 27. Rf2 h6 28.
Rh1 Rf6 29. Bd2 Rg6 30. Bc3 Re8 31. Rh5 Kh7 32. Ne3 Rg5 33. Rh3 Nf8 34. Nf5 Ne6
35. Kf1 Rg6 36. Bd2 Kg8  1/2-1/2

[Event "34. Bayerische Senioren EM"]
[Site "Bergen im Chiemgau"]
[Date "2024.06.04"]
[Round "8.2"]
[White "Ernst, Michael"]
[Black "Döserich, Jürgen"]
[Result "1/2-1/2"]
[BlackElo "1943"]
[BlackTeam "SP Freiburg"]
[EventDate "2024.??.??"]
[PlyCount "66"]
[WhiteElo "2092"]
[WhiteTeam "Klosterneuburg"]

1. d4 d5 2. c4 c6 3. Nf3 Nf6 4. e3 e6 5. Nbd2 Be7 6. Bd3 O-O 7. O-O Nbd7 8. e4
dxe4 9. Nxe4 c5 10. Nxc5 Nxc5 11. dxc5 Bxc5 12. Bg5 Be7 13. Qe2 Qc7 14. Rac1
Rd8 15. Rfd1 Bd7 16. Ne5 Be8 17. a3 a5 18. Bd2 a4 19. Bc3 Bc5 20. Nf3 Bc6 21.
Ne5 Be8 22. Ng4 Nxg4 23. Qxg4 f5 24. Qe2 Qf7 25. Bc2 Bc6 26. Rxd8+ Rxd8 27. Re1
Re8 28. Qe5 Qg6 29. Qg3 Qxg3 30. hxg3 Kf7 31. Kf1 Rd8 32. Rd1 Rxd1+ 33. Bxd1 g6
 1/2-1/2

[Event "34. Bayerische Senioren EM"]
[Site "Bergen im Chiemgau"]
[Date "2024.06.04"]
[Round "8.3"]
[White "Röder, Frank"]
[Black "Schrems, Hermann"]
[Result "1/2-1/2"]
[BlackElo "2069"]
[BlackTeam "SC Emmendingen"]
[EventDate "2024.??.??"]
[PlyCount "30"]
[WhiteElo "2279"]
[WhiteTeam "SV Altensittenbach"]

1. e4 Nf6 2. e5 Nd5 3. c4 Nb6 4. c5 Nd5 5. Nc3 e6 6. Bc4 Nxc3 7. bxc3 Nc6 8. d4
b6 9. cxb6 axb6 10. Qg4 Ba6 11. Bxa6 Rxa6 12. Nf3 h6 13. O-O Ne7 14. h4 Qa8 15.
a3 Nf5  1/2-1/2

[Event "34. Bayerische Senioren EM"]
[Site "Bergen im Chiemgau"]
[Date "2024.06.04"]
[Round "8.4"]
[White "Schatz, Christian"]
[Black "Dijkstra; M"]
[Result "1/2-1/2"]
[BlackElo "1984"]
[BlackTeam "SV Dubbelschaak"]
[EventDate "2024.??.??"]
[PlyCount "27"]
[WhiteElo "2150"]
[WhiteTeam "SC Postbauer-Heng"]

1. e4 c6 2. d4 d5 3. Nd2 dxe4 4. Nxe4 Nf6 5. Nxf6+ exf6 6. c3 Bd6 7. Bd3 O-O 8.
Ne2 Re8 9. Qc2 h6 10. Be3 Nd7 11. Ng3 Bf4 12. Kd2 Bxe3+ 13. fxe3 Nf8 14. Rae1 
1/2-1/2

[Event "34. Bayerische Senioren EM"]
[Site "Bergen im Chiemgau"]
[Date "2024.06.04"]
[Round "8.5"]
[White "Küspert, Erwin"]
[Black "Jagdhuber, Hans"]
[Result "0-1"]
[BlackElo "1928"]
[BlackTeam "SK Rochade Augsburg"]
[EventDate "2024.??.??"]
[PlyCount "82"]
[WhiteElo "1884"]
[WhiteTeam "DJK-SV Schaibing"]

1. d4 Nf6 2. Nf3 g6 3. Bf4 Bg7 4. c3 d6 5. h3 O-O 6. Qb3 c6 7. Nbd2 Nbd7 8. e4
Nh5 9. Bh2 e5 10. dxe5 Nxe5 11. Be2 Qe7 12. g4 Nxf3+ 13. Bxf3 Nf6 14. O-O Nd7
15. Nc4 Ne5 16. Nxe5 dxe5 17. Bg2 Be6 18. Qc2 Rfd8 19. Rfd1 Rxd1+ 20. Qxd1 Rd8
21. Qc2 Qd6 22. b3 Qd2 23. Rc1 f6 24. Bf3 Bh6 25. Qxd2 Rxd2 26. Ra1 Rd3 27. Bg2
Rxc3 28. Kf1 Rc2 29. Ke1 Kf7 30. Bf3 Be3 31. Bg3 Bd4 32. Bd1 Bc3+ 33. Kf1 Rd2
34. Rc1 Bb2 35. Rb1 Bd4 36. a4 a5 37. f4 exf4 38. Be1 Rh2 39. Bxa5 Rxh3 40. Kg2
Rg3+ 41. Kh2 Re3  0-1

[Event "34. Bayerische Senioren EM"]
[Site "Bergen im Chiemgau"]
[Date "2024.06.04"]
[Round "8.6"]
[White "Beckers, Manfred"]
[Black "Oechslein, Rainer"]
[Result "1-0"]
[BlackElo "2097"]
[BlackTeam "SK Schweinfurt"]
[EventDate "2024.??.??"]
[PlyCount "81"]
[WhiteElo "1997"]
[WhiteTeam "SC Plüderhausen"]

1. e4 c5 2. Nf3 a6 3. c4 e6 4. Nc3 Qc7 5. d4 cxd4 6. Nxd4 Nf6 7. Be3 d6 8. Rc1
Nbd7 9. Be2 b6 10. O-O Bb7 11. f3 Rc8 12. Qd2 Be7 13. Rfd1 O-O 14. b4 Qb8 15.
Qb2 Rfe8 16. Qb3 Bd8 17. Bf2 Bc7 18. h3 h6 19. Bf1 Red8 20. Nde2 Qa8 21. Rc2
Ne5 22. Rcd2 g5 23. Nc1 Nh5 24. Na4 Nd7 25. c5 bxc5 26. Nxc5 Nxc5 27. bxc5 dxc5
28. Bxc5 Rxd2 29. Rxd2 Bf4 30. Rc2 Rxc5 31. Rxc5 Qa7 32. Qc3 Bd6 33. Nb3 Ng3
34. Bd3 a5 35. Qd4 Bxc5 36. Qxc5 Qxc5+ 37. Nxc5 Bc6 38. Nb3 a4 39. Nd4 Bd7 40.
Kf2 Kf8 41. Kxg3  1-0

[Event "34. Bayerische Senioren EM"]
[Site "Bergen im Chiemgau"]
[Date "2024.06.04"]
[Round "8.7"]
[White "Pieper, Thomas"]
[Black "Taube, Hubertus"]
[Result "0-1"]
[BlackElo "2011"]
[BlackTeam "SK Neuperlach"]
[EventDate "2024.??.??"]
[PlyCount "104"]
[WhiteElo "2170"]
[WhiteTeam "SC Gröbenzell"]

1. e4 c6 2. d4 d5 3. Nd2 dxe4 4. Nxe4 Bf5 5. Ng3 Bg6 6. h4 h6 7. Nf3 Nd7 8. h5
Bh7 9. Bd3 Bxd3 10. Qxd3 e6 11. Bd2 Ngf6 12. Qe2 b5 13. Ne5 Qb6 14. O-O-O Be7
15. Kb1 O-O 16. Ng6 Rfe8 17. Nxe7+ Rxe7 18. Nf5 Ree8 19. Nd6 Red8 20. g4 Nf8
21. Bb4 a5 22. Bc5 Qc7 23. Ne4 Nxe4 24. Qxe4 Nh7 25. f4 Rd5 26. Rdg1 Qd7 27. c3
a4 28. Qe3 Kh8 29. g5 hxg5 30. h6 g6 31. fxg5 Rf5 32. Rh2 Qd5 33. Rf2 Rd8 34.
Rgf1 Rxf2 35. Rxf2 Rd7 36. Qf4 Kg8 37. Rf1 e5 38. Qe3 e4 39. Qf4 Rd8 40. Be7
Re8 41. Bf6 c5 42. dxc5 Qd3+ 43. Ka1 e3 44. Bd4 Qf5 45. Qxf5 gxf5 46. Kb1 e2
47. Re1 Nxg5 48. Kc2 Nf3 49. Bf2 Nxe1+ 50. Bxe1 Kh7 51. Kd3 Kxh6 52. c6 f4  0-1